000 00975nam a2200289Ia 4500
001 Para_1351
003 CHAP
008 220125s1998 xx 000 0 und d
010 _a200059
040 _cCHAP
090 _aPA TESIS 1292
100 _aVilla Casarez, J. Trinidad
_9119350
245 _aRespuesta de Echinochloa colona (L.), Link a propanil en el cultivo de arroz (Oryza sativa L.), en áreas selectas de México /
_c por J. Trinidad Villa Casarez
260 _aChapingo, Méx. :
_b El autor
300 _a139 h.
502 _aTesis (M.C. en Protección Vegetal), UACh. Depto. Parasitología
650 _aArroz
_x malas hierbas
_xcontrol
_97630
650 _aEchinochloa colona
_935088
710 _aUACh. Departamento de Parasitología Agrícola
_9115877
901 _aPA TESIS 1292
902 _aA
905 _a0000001998 i 0000000000 00
910 _a1998
942 _cPARA
942 _cPARA
_d1
999 _c200059
_d200059